000 00257nam a2200097Ia 4500
001 647885
005 20250826153711.0
008 250824s9999 xx 000 0 und d
245 0 _a11 Dikkat! Büyücü İş Başında
_c Kate McMullan
260 _bBEYAZ BALİNA
999 _c647885
_d647885